This is Siemens

Shranjeno v:
Bibliografske podrobnosti
Format: Knjiga
Jezik:Undetermined
Izdano: New York Siemens 1968
Teme:
Oznake: Označite
Brez oznak, prvi označite!
Thư viện lưu trữ: Trung tâm Học liệu Trường Đại học Cần Thơ
LEADER 00390nam a2200157Ia 4500
001 CTU_86678
008 210402s9999 xx 000 0 und d
082 |a 621.3 
082 |b T448 
245 0 |a This is Siemens 
260 |a New York 
260 |b Siemens 
260 |c 1968 
650 |a Electrical engineering 
904 |i Năm 
980 |a Trung tâm Học liệu Trường Đại học Cần Thơ